<?xml version="1.0" encoding="UTF-8"?>
<marc:record xmlns:marc="http://www.loc.gov/MARC21/slim">
   <marc:leader>00000nam a2200000 a 4500</marc:leader>
   <marc:datafield ind1="1" ind2=" " tag="100">
      <marc:subfield code="a">Stenger, Christiane</marc:subfield>
      <marc:subfield code="4">aut</marc:subfield>
      <marc:subfield code="e">Verfasser/-in</marc:subfield>
   </marc:datafield>
   <marc:datafield ind1="0" ind2="0" tag="245">
      <marc:subfield code="a">Lassen Sie Ihr Hirn nicht unbeaufsichtigt!</marc:subfield>
   </marc:datafield>
   <marc:datafield ind1="0" ind2="0" tag="245">
      <marc:subfield code="b">Gebrauchsanweisung für Ihren Kopf</marc:subfield>
   </marc:datafield>
   <marc:datafield ind1="0" ind2="0" tag="245">
      <marc:subfield code="c">Christiane Stenger</marc:subfield>
   </marc:datafield>
   <marc:datafield ind1=" " ind2="1" tag="264">
      <marc:subfield code="b">Campus-Verl.</marc:subfield>
      <marc:subfield code="c">2014</marc:subfield>
   </marc:datafield>
   <marc:datafield ind1="1" ind2=" " tag="520">
      <marc:subfield code="a">Angaben aus der Verlagsmeldung

Lassen Sie Ihr Hirn nicht unbeaufsichtigt! : Gebrauchsanweisung für Ihren Kopf Lassen Sie Ihr Hirn nicht unbeaufs. / von Christiane Stenger

Was geht eigentlich im Gehirn vor, wenn Sie diese Zeilen lesen, sich freuen oder sich an etwas erinnern? Wie konstruiert unser Gehirn unsere Realität? Gedächtnisweltmeisterin Christiane Stenger erklärt in ihrem Buch nicht nur, wie die 100 Milliarden Nervenzellen im Gehirn arbeiten, sondern bringt sie auch gleich ordentlich auf Trab. Ihr unwiderstehlicher Vorschlag: Erschaffen Sie eine genialere Version von sich selbst, die den Alltag effizienter gestaltet, konzentrierter arbeitet und dabei noch wesentlich entspannter ist. Einen leicht verständlichen Überblick über unser Gehirn und seine Regionen sowie viele Trainingsmethoden fürs Gehirnjogging liefert die medienerfahrene Stenger gleich mit. Das Buch mit Überfliegergarantie!
</marc:subfield>
   </marc:datafield>
   <marc:datafield ind1=" " ind2=" " tag="020">
      <marc:subfield code="a">9783593500126</marc:subfield>
      <marc:subfield code="9">9783593500126</marc:subfield>
   </marc:datafield>
   <marc:datafield ind1=" " ind2=" " tag="020">
      <marc:subfield code="a">3593500124</marc:subfield>
      <marc:subfield code="9">3593500124</marc:subfield>
   </marc:datafield>
   <marc:datafield ind1=" " ind2=" " tag="300">
      <marc:subfield code="a">252 S.</marc:subfield>
   </marc:datafield>
</marc:record>
